[Event "HCL-A2591"]
[Site "www.playchess.de"]
[Date "2006.02.16"]
[Round "4"]
[White "q77ro"]
[Black "dynamike"]
[WhiteElo "1546"]
[BlackElo "1431"]
[PlyCount "76"]
[Result "0-1"]

1.e4 c5 2.Nf3 Nc6 3.Bb5 Qc7 4.O-O a6 5.Bxc6 bxc6 
6.c4 Bb7 7.b3 d5 8.Qe2 d4 9.Ba3 e5 10.d3 Bc8 11.h3 
a5 12.Nbd2 Nf6 13.Nh2 a4 14.Rfb1 axb3 15.Rxb3 Bd6 
16.Ndf1 O-O 17.Bc1 Ne8 18.Bg5 f5 19.exf5 Bxf5 
20.Ng4 h6 21.Bh4 g5 22.Nxh6+ Kh7 23.Nxf5 Rxf5 
24.Qh5+ Kg7 25.Bxg5 Nf6 26.Bxf6+ Rxf6 27.Ng3 Raf8 
28.Ne4 Rh6 29.Qe2 Kh8 30.Rab1 Qg7 31.R3b7 Rf7 
32.Rxf7 Qxf7 33.Qg4 Rg6 34.Qh5+ Qh7 35.Qf5 Rxg2+ 
36.Kxg2 Qxf5 37.Nxd6 Qg6+ 38.Kh2 
Qxd6 0-1

[Event "HCL-B3878"]
[Site "www.playchess.de"]
[Date "2006.02.16"]
[Round "9"]
[White "IRONMAIDEN"]
[Black "schnitzly"]
[WhiteElo "1185"]
[BlackElo "1280"]
[PlyCount "61"]
[Result "1-0"]

1.d4 {Ich grüße Dich!}  d5 {ich grüße zurück! Viel 
Spass!}  2.Nc3 e6 3.e3 c5 4.Bb5+ Bd7 5.Bxd7+ Nxd7 
6.Nge2 cxd4 7.Nxd4 Bb4 8.Bd2 Ngf6 9.a3 Bxc3 
10.Bxc3 Ne4 11.O-O O-O 12.Bb4 Re8 13.Nf3 Rc8 
14.Nd2 Ndf6 15.Nxe4 Nxe4 16.Rc1 b6 17.Bd2 Rc6 
18.f3 Nxd2 19.Qxd2 Qc7 20.c3 h6 21.Qe2 e5 22.Rcd1 
Rd6 23.e4 dxe4 24.Qxe4 f6 25.Qg6 Red8 26.Rxd6 Qxd6 
27.h3 Qd2 28.Qb1 Qe3+ 29.Kh1 Rd2 30.Rd1 Qd3 
{(offering draw)}  31.Qxd3 {VORHER HÄTTEN WIR 
DRÜBER REDEN KÖNNEN, ABER NACH DIESEM Zug...} 
 1-0

[Event "HCL-E1489"]
[Site "www.playchess.de"]
[Date "2006.02.16"]
[Round "4"]
[White "meteoro"]
[Black "gambitplayer"]
[WhiteElo "1511"]
[BlackElo "1563"]
[PlyCount "54"]
[Result "0-1"]

1.d4 {good luck}  d5 2.Nc3 Nf6 3.Bg5 Nbd7 4.e3 h6 
5.Bf4 c6 6.Nf3 e6 7.a3 Be7 8.Be2 O-O 9.O-O Nh5 
10.Be5 f6 11.Bg3 Nxg3 12.hxg3 e5 13.Nh4 exd4 
14.exd4 Nb6 15.Ng6 Rf7 16.Bh5 Bf5 17.Re1 Bxg6 
18.Bxg6 Rf8 19.Qd3 Bd6 20.Re3 Nc4 21.Ree1 Nxb2 
22.Bh7+ Kh8 23.Qf5 Qc8 24.Reb1 Nc4 25.Bg6 Qxf5 
26.Bxf5 Rab8 27.a4 a6 0-1

[Event "HCL-C4026"]
[Site "www.playchess.de"]
[Date "2006.02.16"]
[Round "10"]
[White "alauddin"]
[Black "cioran"]
[WhiteElo "938"]
[BlackElo "1214"]
[PlyCount "92"]
[Result "0-1"]

1.e4 {hello!}  e5 {hello from frankfurt}  2.Nf3 
{spiele woll!}  Nf6 {viel glück}  3.Nc3 Bb4 4.Nxe5 
Bxc3 5.dxc3 Qe7 6.Bf4 d6 7.Nc4 Qxe4+ 8.Be3 O-O 
9.Qd2 Be6 10.Bd3 Qxg2 11.O-O-O Bxc4 12.Bxc4 Qg4 
13.Be2 Qe6 14.Bh6 Ne4 15.Qd4 Qxh6+ 16.Kb1 Nf6 
17.Bf3 Nc6 18.Qd3 Ne5 19.Qf5 Nxf3 20.Qxf3 b6 
21.Qc6 Qf4 22.Qxc7 Qxf2 23.Rhe1 Rfe8 24.Qc6 Rad8 
25.Ref1 Qc5 26.Qg2 Re6 27.Rfg1 g6 28.h4 Nh5 29.Rd5 
Nf4 30.Rxc5 Nxg2 31.Rg5 Nxh4 32.R5g3 Rde8 33.b4 
R6e1+ 34.Rxe1 Rxe1+ 35.Kb2 Kf8 36.Rg4 Nf5 37.c4 
Re2 38.Kb3 Ne3 39.Rg3 Nxc2 40.Rc3 Nd4+ 41.Ka4 
Rxa2+ 42.Ra3 Rxa3+ 43.Kxa3 h5 44.Ka4 h4 45.Ka3 h3 
46.Kb2 h2 0-1

[Event "HCL-C4065"]
[Site "www.playchess.de"]
[Date "2006.02.16"]
[Round "4"]
[White "mudelta"]
[Black "alauddin"]
[WhiteElo "1125"]
[BlackElo "953"]
[PlyCount "73"]
[Result "1-0"]

1.e4 e5 2.c4 Nf6 3.d3 Nc6 4.Nf3 Bc5 5.Be2 d6 6.O-O 
O-O 7.Bg5 Be6 8.Nc3 h6 9.Bxf6 Qxf6 10.a3 Rad8 
11.b4 Bd4 12.Rc1 Qg6 13.Nh4 Qg5 14.g3 Bh3 15.Re1 
Be3 16.Nf3 Bxf2+ 17.Kxf2 f5 18.Nxg5 fxe4+ 19.Ke3 
hxg5 20.Nd5 Rde8 21.Nxc7 Re7 22.Nb5 Re6 23.Nxa7 
Nxa7 24.Qb3 Nc6 25.Qa2 Rf2 26.Kxf2 Rf6+ {hmm that 
was a bit stupid...}  27.Kg1 {maybe you had 
something in mind :-)}  Kh7 {hmm.. not really, to 
be honest...
}  28.Bf1 g4 29.Bxh3 Nd4 30.Bxg4 exd3 31.Ref1 Ne2+ 
32.Bxe2 dxe2 33.Rxf6 gxf6 34.Qxe2 Kg7 35.Qg4+ Kf7 
36.c5 Ke7 37.Qg7+ 1-0

[Event "HCL-E1575"]
[Site "www.playchess.de"]
[Date "2006.02.16"]
[Round "5"]
[White "Duffy"]
[Black "erlsto"]
[WhiteElo "1612"]
[BlackElo "1433"]
[PlyCount "69"]
[Result "1-0"]

1.e4 c6 {Greetings from Norway!}  2.d4 {Hi from 
USA. Have a good game}  d5 {Hi from Norway,  where 
in the Us are you living?}  3.Nc3 {In New 
Hampshire, it's unseasoably warm for Jan. X-skiing 
is not too good}  dxe4 {Well if you like skiing 
come to norway:) we do have snow and freezing 
conditions!}  4.Nxe4 {I'd love to come to Norway, 
great country. Right now it's warm gentle rain 
here. Usually well below zero by now!}  Nd7 {The 
winter over here has been mild as well, but we 
still have snow.Your place is on the east coast? 
Right north of NY?}  5.Nf3 Ngf6 6.Nxf6+ {That's 
right, no hurricanes,grass fires or mudslides. Do 
you live in a big city?}  Nxf6 {I live 40km north 
of Oslo the capitol city, in a small town 
aprox.30000people!but all citys in Norway are 
small. only 500000 in the capitol!!}  7.Bc4 {I 
like smaller cities,less crime etc. Ours is small 
too,but close to a big college, so there's plenty 
to do, always something going on}  e6 {We live 
here becouse it is near to my work at the 
airport.}  8.Bg5 {Do you play in otb tourneys? I 
used to, but now spend time with grandchildren. 
Never played well but like the folks and games}  
Be7 {Never played any tournament, just play this 
games on the internet. Played more some years ago, 
now a days just have some games going to enjoy.}  
9.Qd2 {This is a good site. Also play at Gameknot 
site,another good site}  O-O {I also play at 
gameknot But my level of play has been the same 
for years:)}  10.O-O-O {Same here, play kids over 
at the college, and they have no mercy on an old 
duffer like me. Squaredancer is handle at 
Gamegnot}  b5 {I have the same name erlsto There 
is no chess club around here. If there was on e I 
probbably join them, just have some live games and 
teaching}  11.Bd3 {Maybe we can play there 
sometime. What do you do at the airport?}  Qd5 {I 
looked at your site at gameknot!! Saw you 
picture:) I am one of the ground staff at the 
airport.}  12.Kb1 {Pic is 10 years old, have added 
a few grey hairs since then! I'm a baker at local 
grocery store}  a5 {They seems to come faster and 
faster the grey ones!!So you are up in the morning 
then, making fresh bread for the people?}  13.Rhe1 
{yes, Itry to get a few moves done before going to 
work. That's why some moves not too good, still 
sleeping!}  Bb4 {Its the same with me, I  dont 
take this to seriously, and have a tendency to 
make my moves to fast!! I am just looking at the 
position and make a move.}  14.c3 {Helps me 
relieve stress.I have diabetes, and Dr laughed 
when I told him I worked in a bakery}  Be7 {I 
understand. Stay away from the cookies:)}  15.Bxf6 
{Right,I cannot even lick my fingers!}  Bxf6 {I 
have a frien with diabetes, and he need to have 
sugar! Might be different variations of the 
problem?}  16.Be4 {Have to test blood sugar alot, 
if too low,need sugar, or could go into coma, if 
too high, exercise to burn off sugar. My dad has 
had this for 30 years.}  Qd6 {I see.About the 
winter! we have heavy snowfall this days, more 
snow yhan the past 10years! Sounds a lot, but only 
60cm!! Enough to slow down the traffic and the 
regularity at the airport :)}  17.g4 {Weather is 
crazy now, I could mow my lawn if it was'nt so 
cold! Usually lots of snow by now}  g6 {I guess 
all the snow is in Europe:)}  18.h4 {I guess 
Russia is having a wicked cold winter too. The ski 
areas out West are having lots of snow, but it 
almost always snows there. We have visited some 
resorts there}  Bb7 {You like skiing? I havent had 
skiis on my legs in 4years. I more enjoy the 
summer.}  19.h5 {Mostly x-c, downhill is too 
expensive, and I don't like the high lifts. My 
wife's relatives live there, they tried to teach 
us.They deserve a medal for trying:)}  b4 {I used 
to do skijumping when I was young!}  20.hxg6 {That 
takes some courage! Glad you lived to tell about 
it! It's cold outside, but this game is heating 
up}  fxg6 {I wouldt try the skijump now!!Im not 
sure how this game will end!?}  21.c4 {My wife's 
dad was an excellent ski jumper in his time. She 
said he was disappointed when he had two girls and 
no boys. I was happy!}  Rad8 {The winter olympics 
in Torino starts this weekend, do they show that 
on tv over in the US?}  22.Ng5 {Yes, they have a 
delay, so it runs here in prime time. Olympics 
have become very popular since the miracle on ice 
against the Russian hockey team in 1980}  Qxd4 {I 
also remember also that game, we have some good 
skiers there at the olympics.}  23.Qc2 {Your 
country always seems to have great skiers for all 
events.I liked olympics better before we started 
sending pro teams. They aren't that good, and they 
are poor sports when they lose.}  Qb6 {&months 
with snow a year create good skiiers:)}  24.Nxe6 
{My wife like the skating competitions,I like the 
skiing and bobsled races, etc.With all the snow 
you guys get,might as well enjoy it by skiing and 
sledding:)}  Rxd1+ {I used to enjoy the snow when 
I was younger, and as you mentioned downhill 
skiing is quite expencive, her as well. And my 
wife is from Philippines! so she dont like the 
snow at all!!}  25.Rxd1 {I'll bet your wife likes 
to stay in doors on those frosty nights! Does she 
have familly still living in Philip. Do you visit 
there sometimes?}  Re8 {SHe still have here mother 
and 9 sisters and brothers!! A big family in 
Philippines. And here 15years old daughter is also 
living here with us, they been here almost 6 years 
already. And we usually visit once a year, I like 
it very much there.
}  26.c5 {Wow, that's some significant birthday 
parties, and a serious family reunion!My daughter 
is getting married this June. They have two sons, 
do things different now I guess.}  Qa7 {Yes many 
families is large down there in Philippines :) So 
you are prepairing a  wedding cake?? I saw you 
already won one game against freno! He is offering 
me a draw, take a look at the position, and tell 
me what you  think.}  27.Qb3 {I generally accept 
draws that are legitamate and respectfull of the 
fine game you both played. I find the players here 
are pretty good}  Kh8 {I agree about the level of 
the players here, it  is probbably too high for 
me:) You also are about to give me a hard time 
here...}  28.Rd7 {I went over your game with 
freno, and you played it very nice. I think you 
will do just fine in this tourney. I see Norway 
has won some medals, even a gold}  Qb8 {Did you 
get your snow now?? Saw on the news that NY had 
got two ft.(60cm) snow!? One gold in skijumping. I 
have the day off today so I am watching the games 
on TV.}  29.Ng5 {Incredibly, we had one inch! 
Didn't even shovel. Supposed to warm up and rain 
this week.They got killed with snow further south 
of us.Enjoy the olympic games. they will telecast 
them tonite for us}  Bxg5 {I am afraid I miss 
something here:)!!}  30.Qf7 {This looked good a 
few moves ago, now, not so sure}  Re7 {Well I 
don`t know!?}  31.Rxe7 {Well, we have certainly 
whittled this position down quite a bit}  Bxe7 
{But you still keep the pressure!!}  32.Qxe7 {Both 
of our Kings are exposed, still any one's game}  
Qc8 {Benn a good game anyway! US have five gold 
medals so far.Norway still only one gold.}  
33.Qf6+ {Yes, some of our "big name" guys are not 
doing as well as some of the lesser known guys.The 
olympics are about hard work and good sports.}  
Kg8 {Hows you other games going in this 
tounament?}  34.Bc2 {I tried a gambit against 
Redstar, guess I'm not a gambit guy,looks bad. The 
other game is fairly equal. How's yours going?}  
a4 {I accepted the draw against freno, are in dip 
trouble here:) The two last ones are equal. I 
think. I feel my level of play fits more in the 
level under this one.}  35.Bxa4 {I have mixed 
results in E section, tried M section, that was 
insane!Got my butt handed to me there.Like A 
section best}  1-0

[Event "HCL-B3868"]
[Site "www.playchess.de"]
[Date "2006.02.16"]
[Round "14"]
[White "Rochade_III"]
[Black "seisan"]
[WhiteElo "964"]
[BlackElo "1392"]
[PlyCount "44"]
[Result "0-1"]

1.e4 c5 2.Nf3 d6 3.Nc3 Nc6 4.Bb5 a6 5.Bxc6+ bxc6 
6.O-O e5 7.Na4 Bg4 8.Rb1 Be7 9.b4 Nf6 10.bxc5 dxc5 
11.Ba3 Nxe4 12.d3 Ng5 13.Nxc5 O-O 14.Nb7 Qd5 
15.Bxe7 Nxf3+ 16.gxf3 Bxf3 17.c4 Bxd1 18.Bxf8 Qxd3 
19.Rfxd1 Qg6+ 20.Kf1 Kxf8 21.Rd8+ Rxd8 22.Nxd8 
Qxb1+ 0-1

[Event "HCL-C4165"]
[Site "www.playchess.de"]
[Date "2006.02.16"]
[Round "14"]
[White "Veltliner"]
[Black "Tribun"]
[WhiteElo "1382"]
[BlackElo "754"]
[PlyCount "29"]
[Result "1-0"]

1.e3 e5 2.Nc3 d6 3.Bc4 Be6 4.Bxe6 fxe6 5.Nf3 Nf6 
6.Qe2 Nc6 7.d3 d5 8.Ng5 Bd6 9.Nxe6 Qe7 10.Ng5 Nd7 
11.e4 d4 12.Nd5 Qd8 13.Qf3 Bb4+ 14.c3 Be7 
15.Qf7+ 1-0

[Event "HCL-C4109"]
[Site "www.playchess.de"]
[Date "2006.02.16"]
[Round "16"]
[White "spartan1"]
[Black "kolmar"]
[WhiteElo "911"]
[BlackElo "985"]
[PlyCount "62"]
[Result "0-1"]

1.Nc3 d5 2.d4 Bf5 3.h3 Nc6 4.Be3 Nb4 5.Rc1 {That 
sure puts the pressure on in hurry.}  e6 6.Nf3 Nf6 
7.Ne5 Bg6 8.Nxg6 hxg6 9.Bg5 Qd7 10.Bxf6 gxf6 11.a3 
Nc6 12.e3 a6 13.Be2 O-O-O 14.O-O e5 15.Bg4 f5 
16.Be2 e4 17.f3 Bh6 18.f4 g5 19.g3 gxf4 20.exf4 
Rdg8 21.Kh2 Bg7 22.Na4 Nxd4 23.Nc5 Qe7 24.c3 Nxe2 
25.Qxe2 Qxc5 26.Qf2 Qd6 27.b4 Qh6 28.h4 Bf6 29.c4 
Bxh4 30.gxh4 {It just gets worser and worser.}  
Qxh4+ 31.Qxh4 Rxh4+ 0-1

[Event "HCL-E1537"]
[Site "www.playchess.de"]
[Date "2006.02.16"]
[Round "2"]
[White "Rochemback"]
[Black "Karpow"]
[WhiteElo "1511"]
[BlackElo "1638"]
[PlyCount "41"]
[Result "1-0"]

1.e4 e5 2.Nf3 d6 3.Nc3 Bd7 4.a3 Nf6 5.Bd3 Be7 6.h3 
O-O 7.O-O Bc6 8.Bc4 Nxe4 9.Nxe4 Bxe4 10.d3 Bc6 
11.Re1 Nd7 12.b4 Nf6 13.c3 d5 14.Ba2 e4 15.Nd4 Bd7 
16.Qc2 c5 17.bxc5 Bxc5 18.dxe4 dxe4 19.Bb1 Bxd4 
20.cxd4 Rc8 21.Qb3 1-0

[Event "HCL-E1537"]
[Site "www.playchess.de"]
[Date "2006.02.16"]
[Round "1"]
[White "Karpow"]
[Black "temple"]
[WhiteElo "1638"]
[BlackElo "1727"]
[PlyCount "58"]
[Result "0-1"]

1.e4 e5 2.Nf3 Nf6 3.d3 Nc6 {Happy New Year!}  
4.Nc3 d6 5.h3 Be7 6.Be2 O-O 7.O-O d5 8.exd5 Nxd5 
9.Nxd5 Qxd5 10.b3 b6 11.Bb2 Bb7 12.c4 Qd6 13.a3 
Rad8 14.Qc2 Bf6 15.Rfd1 Nd4 16.Nxd4 exd4 17.Bc1 c5 
18.b4 Rfe8 19.Bf1 Re6 20.Bd2 Rde8 21.Rde1 R6xe1 
22.Rxe1 Rxe1 23.Bxe1 Qe7 24.Bd2 h6 25.b5 a6 26.a4 
axb5 27.axb5 Bg5 28.Qc1 Bxd2 29.Qxd2 
Qg5 0-1

[Event "HCL-C4156"]
[Site "www.playchess.de"]
[Date "2006.02.16"]
[Round "8"]
[White "Maneco"]
[Black "O_Man"]
[WhiteElo "1099"]
[BlackElo "1129"]
[PlyCount "48"]
[Result "0-1"]

1.e4 {Hello!}  c5 {greetings from Memphis, home of 
Elvis}  2.Nc3 {Great singer. I like him music. 
Good game!}  Nc6 {good luck!}  3.Nf3 {u2!}  e6 
4.Bb5 a6 5.Bxc6 bxc6 6.O-O d5 7.d4 cxd4 8.Nxd4 Bd7 
9.exd5 cxd5 10.Nf3 Bd6 11.Re1 Nf6 12.Ne5 Bxe5 
13.Rxe5 O-O 14.Be3 Qc7 15.Bd4 Rab8 16.Rb1 Rb4 
17.a3 Rb7 18.Qd3 Bb5 19.Nxb5 Rxb5 20.a4 Rb7 
21.Qxa6 Ng4 22.Rh5 Qxc2 23.Rf1 Qc7 24.h3 
Qh2+ 0-1

[Event "HCL-E1486"]
[Site "www.playchess.de"]
[Date "2006.02.16"]
[Round "12"]
[White "Rotterdamguy"]
[Black "mugur"]
[WhiteElo "1483"]
[BlackElo "2100"]
[PlyCount "71"]
[Result "1-0"]

1.e4 {Greetings from Rotterdam. Hope we play 
intresting game. Wish you good luck.}  e5 2.Nf3 
Nc6 {Hello from Romania.Good luck to you too.}  
3.Bb5 a6 4.Ba4 Nf6 5.O-O Be7 6.Re1 b5 7.Bb3 d6 
8.c3 O-O 9.h3 Na5 10.Bc2 c5 11.d4 Qc7 12.Nbd2 Bb7 
13.d5 Nd7 14.Nf1 f5 15.Ng3 f4 16.Nf5 Rxf5 17.exf5 
Nf6 18.Be4 Nc4 19.b3 Nb6 20.Bb2 Nxe4 21.Rxe4 Nxd5 
22.Re1 Rf8 23.Qc2 Bd8 24.c4 Nb4 25.Qe2 e4 26.Nd2 
Nd3 27.Nxe4 Nxe1 28.Rxe1 Qc6 29.Qg4 Qd7 30.Nxd6 
Bf6 31.Bxf6 Rxf6 32.Re8+ Rf8 33.Rxf8+ Kxf8 34.Nxb7 
Qxb7 35.Qxf4 Qe7 36.cxb5 {Because my holiday I 
take a leave from 17/2/06 till 25/02/06.} 
 1-0

[Event "HCL-B3678"]
[Site "www.playchess.de"]
[Date "2006.02.16"]
[Round "20"]
[White "handrej68"]
[Black "Jeffery_Lau"]
[WhiteElo "1398"]
[BlackElo "1017"]
[PlyCount "69"]
[Result "1-0"]

1.d4 {hallo, good game}  Nf6 2.Bg5 e6 {good game 
to you , i am beginner in chess , enjoy it very 
much :)}  3.e4 Be7 4.e5 Ne4 5.Bxe7 Qxe7 6.Bd3 Qb4+ 
7.c3 Qxb2 8.Bxe4 Qxa1 9.Qc2 Nc6 10.Nf3 b5 11.O-O 
b4 12.Bxc6 Rb8 13.Ba4 Ba6 14.Re1 Bd3 15.Qxd3 Qxa2 
16.Qc2 Qc4 17.cxb4 Qxb4 18.Nc3 O-O 19.Rb1 Qc4 
20.Bb5 Rxb5 21.Rxb5 Qc6 22.h3 Ra8 23.Ng5 g6 
24.Nge4 Kg7 25.Qb3 h6 26.Rb8 Rxb8 27.Qxb8 a5 
28.Qa7 g5 29.Qxa5 d6 30.exd6 cxd6 31.Qb5 Qc7 32.d5 
e5 33.Qc6 Qe7 34.Qxd6 Qa7 35.Qxe5+ 1-0

[Event "HCL-B3853"]
[Site "www.playchess.de"]
[Date "2006.02.16"]
[Round "8"]
[White "evets"]
[Black "speedmat"]
[WhiteElo "1367"]
[BlackElo "1374"]
[PlyCount "52"]
[Result "0-1"]

1.Nf3 d5 {Bonjour, bienvenue}  2.d4 {Hello.  Good 
Luck!}  Nf6 3.Nbd2 Nc6 4.e3 a6 5.Bd3 Nb4 6.O-O 
Nxd3 7.cxd3 Bg4 8.Re1 e6 9.h3 Bh5 10.Qb3 b5 11.Ne5 
c5 12.dxc5 Bxc5 13.d4 Bd6 14.Nc6 Qb6 15.Ne5 Rc8 
16.g4 Bg6 17.Ndf3 Be4 18.Ng5 O-O 19.Ngxf7 Rxf7 
20.Nxf7 Kxf7 21.a4 Qa5 22.Re2 Bf3 23.Bd2 Qc7 
24.Ree1 Ne4 25.Rac1 Bh2+ 26.Kf1 Nxd2+ {Thanks for 
the game}  0-1

[Event "HCL-C4165"]
[Site "www.playchess.de"]
[Date "2006.02.16"]
[Round "10"]
[White "Tribun"]
[Black "Skipper_Robert"]
[WhiteElo "754"]
[BlackElo "987"]
[PlyCount "90"]
[Result "0-1"]

1.e4 e5 {Denn mal auf ein Neues}  2.d3 {Hallo 
!!!!!!!!!!}  Bc5 {sieht ja im Moment ganz schön 
mau aus bei uns, wir verlieren ja ein Ding nach 
dem Anderen}  3.Nf3 {Na, Ich bin hier so der 
Prellbock!!}  Qf6 4.Bg5 Qb6 5.Qe2 Qxb2 6.Nxe5 Bb4+ 
7.Bd2 Bc5 8.Qf3 Qxe5 9.c4 Qxa1 10.Be2 Qxb1+ 11.Bd1 
d6 12.Ke2 Qxa2 13.e5 dxe5 14.Qe4 f6 15.Qd5 Ne7 
16.Qxc5 c6 17.h4 O-O 18.Qxe7 Nd7 19.Rh3 b5 20.Rg3 
g6 21.h5 Rf7 22.Qe8+ Rf8 23.Qe7 Rf7 24.Qe8+ Nf8 
25.hxg6 Bg4+ 26.Rxg4 Rxe8 27.gxf7+ Kxf7 28.Ke3 Ne6 
{Wir machen morgen weiter, gute Nacht! :-)}  
29.Rg3 {Gute Nacht}  bxc4 {guten Morgrn}  30.Bh5+ 
{Aloa}  Kf8 31.Bxe8 Kxe8 32.Rg8+ Nf8 33.Bb4 Kd7 
34.Rg7+ Ke6 35.Bxf8 Qb3 36.Re7+ Kf5 37.g4+ Kxg4 
38.Rg7+ Kf5 39.Rd7 c3 40.f4 exf4+ 41.Kf3 c2 42.Bh6 
c1Q 43.Rd4 Qbd1+ 44.Kg2 Qdg1+ 45.Kh3 
Qg3+ 0-1

[Event "HCL-A2565"]
[Site "www.playchess.de"]
[Date "2006.02.16"]
[Round "2"]
[White "Maahinen"]
[Black "willem199"]
[WhiteElo "1691"]
[BlackElo "1450"]
[PlyCount "45"]
[Result "1-0"]

1.d4 {hello and good luck from ottawa, canada}  d5 
{hello too from Bergen op Zoom, Holland}  2.c4 
dxc4 3.Nf3 Bf5 4.Nc3 Nf6 5.e3 e6 6.Bxc4 Bd6 7.Qb3 
b6 8.O-O O-O 9.Re1 Bg4 10.Ng5 Nh5 11.Nce4 Be7 
12.f4 Bxg5 13.Nxg5 h6 14.Ne4 Bf5 15.Nf2 Bg6 16.Bd2 
Nc6 17.Rad1 Re8 {(offering draw)}  18.Bb5 Nxd4 
{good move, wrong from me}  19.exd4 {easy mistake 
to make. I have made many!
}  Re7 20.Bb4 Nxf4 21.Bxe7 Qxe7 22.Qf3 Nd5 
23.Qxd5 1-0

[Event "HCL-C4084"]
[Site "www.playchess.de"]
[Date "2006.02.16"]
[Round "9"]
[White "hovis"]
[Black "FranzD"]
[WhiteElo "1100"]
[BlackElo "800"]
[PlyCount "27"]
[Result "1-0"]

1.d4 c6 2.c4 Qa5+ 3.Bd2 Qf5 4.Nf3 Na6 5.Nc3 Nb4 
6.e4 Qg6 7.a3 Na6 8.Ne5 Qh5 9.Be2 Qh4 10.Nf3 Qf6 
11.e5 Qe6 12.Ng5 Qf5 13.Be3 f6 
14.Bd3 1-0

[Event "HCL-C4082"]
[Site "www.playchess.de"]
[Date "2006.02.16"]
[Round "16"]
[White "Mauro_R_Santos"]
[Black "Milosforman"]
[WhiteElo "1627"]
[BlackElo "918"]
[PlyCount "41"]
[Result "1-0"]

1.e4 c5 2.Bc4 e6 3.Qf3 a6 4.Nh3 Be7 5.d4 cxd4 
6.O-O Nf6 7.Ng5 b5 8.e5 d5 9.exf6 bxc4 10.fxg7 Rg8 
11.Qxf7+ Kd7 12.Nxe6 Qe8 13.Qf5 Kc6 14.Nxd4+ Kb7 
15.Qxd5+ Nc6 16.Re1 Rxg7 17.Bh6 Rg6 18.Bf4 Bh3 
19.Nxc6 Qxc6 20.Rxe7+ Kb6 21.Be3+ 1-0

[Event "HCL-M813"]
[Site "www.playchess.de"]
[Date "2006.02.16"]
[Round "17"]
[White "BDG_Girl"]
[Black "spidey"]
[WhiteElo "1974"]
[BlackElo "1867"]
[PlyCount "87"]
[Result "1-0"]

1.d4 {Hello again and good luck!}  Nf6 {hello 
again!}  2.Nc3 g6 3.e4 d6 4.f4 Bg7 5.Nf3 O-O 6.Bd3 
Na6 7.O-O c5 8.Bxa6 cxd4 9.Qxd4 bxa6 10.e5 dxe5 
11.fxe5 Qxd4+ 12.Nxd4 Ng4 13.Nc6 e6 14.Bf4 Bb7 
15.Na5 Rab8 16.Rae1 h5 17.h3 Nh6 18.Nb3 Ba8 19.Ne4 
Bxe4 20.Rxe4 Rfc8 21.c3 Nf5 22.Rd1 Rcd8 23.Rde1 
Rb5 24.g4 hxg4 25.hxg4 Ne7 26.Bg5 Rd7 27.c4 Rb6 
28.Nc5 Rc7 29.b4 Nc6 30.a3 Rc8 31.Nd3 Rb7 32.Kf2 
Rd7 33.Ke3 a5 34.b5 Ne7 35.Rd4 Rxd4 36.Kxd4 Rc7 
37.a4 Nc8 38.c5 Rd7+ 39.Ke4 Rd5 40.Bf6 Kf8 41.Rh1 
Kg8 42.g5 Rd7 43.Rc1 Rd5 44.Rc4 1-0